1930 1375 1884 1164 1381 1841 1528 1944 1096 1515 1350 1345 1818 1369 1886 1958 1323 1259 1416 1207 1444 1513 1893 1400 1863 1316 1866 1535 1443 1310 1177 1144 1599 1708 1827 1813 1963 1244 1782 1846 1559 1859 1824 1107 1298 1596 1685 1977 1143 1300 1600 1242 1438 1418 1130 1865 1425 1113 1116 1515 1639 1890 1851 1608 1550 1966 1020 1713 1694 1677 1394 1513 1264 1067 1847 1795 1694 1809 1550 1540 1325 1251 1713 1803 1093 1230 1021 1306 1369 1666 1958 1701 1144 1197 1928 1796 1242 1597 1010 BCNSPRNW ULIB Ver.6.0+V

เปลี่ยนเป็นภาษาไทย

Change to English
 แสดงรายละเอียดบรรณานุกรม
  กลับหน้าหลัก

Brief Record : Get Marc (ISO 2709) : E-mail record : QR code < ปิดหน้าต่าง
LEADER : 00000nam 2200000uu 4500
001    13399127603
003     ULIB
008    210302s2562||||th 000 0 tha d
020    ^a9786164684720
060    ^aWY100.4 ว528ข
100    ^aวิจิตรา กุสุมภ์
245    ^aข้อวินิจฉัยการพยาบาลและการวางแผนการพยาบาล : กรณีศึกษา =^bNURSING DIAGNOSIS AND NURSING CARE PLANS : CASE STUDIES /^cวิจิตรา กุสุมภ์ และสุลี ทองวิเชียร
246 0  ^aNURSING DIAGNOSIS AND NURSING CARE PLANS : CASE STUDIES
250    ^aพิมพ์ครั้งที่ 1
260    ^aกรุงเทพฯ :^bพี.เค.เค.พริ้นท์ติ้ง,^c2562.
300    ^a174 หน้า^bภาพประกอบ, ตาราง ^c21 ซม.
650    ^aการพยาบาล^xข้อวินิจฉัย
650    ^aพยาบาลศาสตร์
700 0  ^aสุลี ทองวิเชียร
710 1  ^aมหาวิทยาลัยกรุงเทพธนบุรี.^bคณะพยาบาลศาสตร์
945    ^p130^l0^i28656
945    ^p130^l0^i28657
945    ^p130^l0^i28658
945    ^p130^l0^i28659
945    ^p130^l0^i28660
945    ^p130^l0^i28661
945    ^p130^l0^i28662
945    ^p130^l0^i28663
945    ^p130^l0^i28664
945    ^p130^l0^i28665
999    ^aกัณชพร จุลอักษร
รายการนี้ยังไม่มีแท็ก
คุณยังไม่ได้ล็อกอิน คุณสามารถมีกิจกรรมร่วมกับเว็บไซต์ได้ แต่ต้องล็อกอินก่อน ::
  ล็อกอิน

รายการสื่อสารสนเทศ

ลำดับที่ ประเภท เลขเรียก/บาร์โค้ด สถานที่ สถานะ
1. วิทยาศาสตร์การแพทย์ และสุขภาพ
วิทยาศาสตร์การแพทย์ และสุขภาพ
WY100.4 ว528ข ฉ.1 
  Barcode: 28656
ห้องสมุดวิทยาเขตนครสวรรค์
►หนังสือทั่วไป:l:General Books
บนชั้น
2. วิทยาศาสตร์การแพทย์ และสุขภาพ
วิทยาศาสตร์การแพทย์ และสุขภาพ
WY100.4 ว528ข ฉ.10 
  Barcode: 28665
ห้องสมุดวิทยาเขตนครสวรรค์
►หนังสือทั่วไป:l:General Books
บนชั้น
3. วิทยาศาสตร์การแพทย์ และสุขภาพ
วิทยาศาสตร์การแพทย์ และสุขภาพ
WY100.4 ว528ข ฉ.2 
  Barcode: 28657
ห้องสมุดวิทยาเขตนครสวรรค์
►หนังสือทั่วไป:l:General Books
บนชั้น
4. วิทยาศาสตร์การแพทย์ และสุขภาพ
วิทยาศาสตร์การแพทย์ และสุขภาพ
WY100.4 ว528ข ฉ.3 
  Barcode: 28658
ห้องสมุดวิทยาเขตนครสวรรค์
►หนังสือทั่วไป:l:General Books
บนชั้น
5. วิทยาศาสตร์การแพทย์ และสุขภาพ
วิทยาศาสตร์การแพทย์ และสุขภาพ
WY100.4 ว528ข ฉ.4 
  Barcode: 28659
ห้องสมุดวิทยาเขตนครสวรรค์
►หนังสือทั่วไป:l:General Books
บนชั้น
6. วิทยาศาสตร์การแพทย์ และสุขภาพ
วิทยาศาสตร์การแพทย์ และสุขภาพ
WY100.4 ว528ข ฉ.5 
  Barcode: 28660
ห้องสมุดวิทยาเขตนครสวรรค์
►หนังสือทั่วไป:l:General Books
บนชั้น
7. วิทยาศาสตร์การแพทย์ และสุขภาพ
วิทยาศาสตร์การแพทย์ และสุขภาพ
WY100.4 ว528ข ฉ.6 
  Barcode: 28661
ห้องสมุดวิทยาเขตนครสวรรค์
►หนังสือทั่วไป:l:General Books
บนชั้น
8. วิทยาศาสตร์การแพทย์ และสุขภาพ
วิทยาศาสตร์การแพทย์ และสุขภาพ
WY100.4 ว528ข ฉ.7 
  Barcode: 28662
ห้องสมุดวิทยาเขตนครสวรรค์
►หนังสือทั่วไป:l:General Books
บนชั้น
9. วิทยาศาสตร์การแพทย์ และสุขภาพ
วิทยาศาสตร์การแพทย์ และสุขภาพ
WY100.4 ว528ข ฉ.8 
  Barcode: 28663
ห้องสมุดวิทยาเขตนครสวรรค์
►หนังสือทั่วไป:l:General Books
บนชั้น
10. วิทยาศาสตร์การแพทย์ และสุขภาพ
วิทยาศาสตร์การแพทย์ และสุขภาพ
WY100.4 ว528ข ฉ.9 
  Barcode: 28664
ห้องสมุดวิทยาเขตนครสวรรค์
►หนังสือทั่วไป:l:General Books
บนชั้น

รายการใกล้เคียง
    ผู้แต่ง [วิจิตรา กุสุมภ์]

    หัวเรื่อง [พยาบาลศาสตร์]

BibComment


ยังไม่เคยถูกคอมเมนท์

คอมเมนท์ทรัพยากรรายการนี้
  คอมเมนท์: ข้อวินิจฉัยการพย..


 Copyright 2026. Bcnsprnw @Library